অর্থনৈতিক উন্নয়নের ধারা / (Record no. 1161)
[ view plain ]
| 000 -LEADER | |
|---|---|
| fixed length control field | 01108nam a22002417a 4500 |
| 001 - CONTROL NUMBER | |
| control field | BD-DhSAU 1161 |
| 003 - CONTROL NUMBER IDENTIFIER | |
| control field | BD-DhSAU |
| 005 - DATE AND TIME OF LATEST TRANSACTION | |
| control field | 20150112222245.0 |
| 008 - FIXED-LENGTH DATA ELEMENTS--GENERAL INFORMATION | |
| fixed length control field | 150112b1990 |||||r|||| 00| 0 d |
| 040 ## - CATALOGING SOURCE | |
| Original cataloging agency | BD-DhSAU |
| 082 ## - DEWEY DECIMAL CLASSIFICATION NUMBER | |
| Edition number | 22 |
| Classification number | ৩৩৮.৯ |
| Item number | পালঅ |
| 100 ## - MAIN ENTRY--PERSONAL NAME | |
| Personal name | পাল, কৃ্ষ্ণ চন্দ্র |
| 245 ## - TITLE STATEMENT | |
| Title | অর্থনৈতিক উন্নয়নের ধারা / |
| Statement of responsibility, etc. | কৃ্ষ্ণ চন্দ্র পাল, জহিরুল ইসলাম সিকদার ও রঞ্জিৎ কুমার মজুমদার |
| 250 ## - EDITION STATEMENT | |
| Edition statement | ২য় সংস্করণ। |
| 260 ## - PUBLICATION, DISTRIBUTION, ETC. (IMPRINT) | |
| Place of publication, distribution, etc. | ঢাকা : |
| Name of publisher, distributor, etc. | সোহেল প্রিন্টিং ; |
| Date of publication, distribution, etc. | ১৯৯০। |
| 300 ## - PHYSICAL DESCRIPTION | |
| Extent | x, ২৭০ পৃ. : |
| Other physical details | ২০ সেমি। |
| 590 ## - Name of Cataloguer | |
| Name of Cataloger | joy |
| 650 ## - SUBJECT ADDED ENTRY--TOPICAL TERM | |
| Topical term or geographic name as entry element | Economics. |
| 650 ## - SUBJECT ADDED ENTRY--TOPICAL TERM | |
| Topical term or geographic name as entry element | অর্থনীতি। |
| 650 ## - SUBJECT ADDED ENTRY--TOPICAL TERM | |
| Topical term or geographic name as entry element | উন্নয়নের ধারা। |
| General subdivision | অর্থনীতি। |
| 700 ## - ADDED ENTRY--PERSONAL NAME | |
| Personal name | সিকদার, জহিরুল ইসলাম |
| 700 ## - ADDED ENTRY--PERSONAL NAME | |
| Personal name | মজুমদার, রঞ্জিৎ কুমার |
| 942 ## - ADDED ENTRY ELEMENTS (KOHA) | |
| Source of classification or shelving scheme | Dewey Decimal Classification |
| Koha item type | Book |
| Withdrawn status | Lost status | Source of classification or shelving scheme | Damaged status | Not for loan | Home library | Branch Name | Shelving location | Date acquired | Total Checkouts | Full call number | Barcode | Date last seen | Price effective from | Koha item type | Collection code |
|---|---|---|---|---|---|---|---|---|---|---|---|---|---|---|---|
| Dewey Decimal Classification | SAU Library | SAU Library | General Stacks | 18/06/1992 | ৩৩৮.৯ পালঅ | 17958 | 12/01/2015 | 12/01/2015 | Book | ||||||
| Dewey Decimal Classification | SAU Library | SAU Library | General Stacks | 12/09/1996 | ৩৩৮.৯ পালঅ | 17956 | 12/01/2015 | 12/01/2015 | Book | ||||||
| Dewey Decimal Classification | SAU Library | SAU Library | General Stacks | 18/06/1992 | ৩৩৮.৯ পালঅ | 17960 | 12/01/2015 | 12/01/2015 | Book | ||||||
| Dewey Decimal Classification | SAU Library | SAU Library | General Stacks | 18/06/1992 | ৩৩৮.৯ পালঅ | 17959 | 12/01/2015 | 12/01/2015 | Book | ||||||
| Dewey Decimal Classification | SAU Library | SAU Library | General Stacks | 18/06/1992 | ৩৩৮.৯ পালঅ | 17955 | 13/01/2015 | 13/01/2015 | Book | ||||||
| Dewey Decimal Classification | SAU Library | SAU Library | General Stacks | 18/06/1992 | ৩৩৮.৯ পালঅ | 17962 | 13/01/2015 | 13/01/2015 | Book | ||||||
| Dewey Decimal Classification | SAU Library | SAU Library | General Stacks | 18/06/1992 | ৩৩৮.৯ পালঅ | 17954 | 13/01/2015 | 13/01/2015 | Book | ||||||
| Dewey Decimal Classification | SAU Library | SAU Library | General Stacks | 18/06/1992 | ৩৩৮.৯ পালঅ | 17957 | 13/01/2015 | 13/01/2015 | Book | ||||||
| Dewey Decimal Classification | SAU Library | SAU Library | General Stacks | 18/06/1992 | ৩৩৮.৯ পালঅ | 17961 | 13/01/2015 | 13/01/2015 | Book | ||||||
| Dewey Decimal Classification | Not For Loan | SAU Library | SAU Library | Reference | 22/05/2015 | ৩৩৮.৯ পালঅ | 17953 | 22/05/2015 | 22/05/2015 | Book | Reference |
